01308cam a2200265 a 450000100100000000500170001000800410002702000150006804000250008308200260010810000420013424501290017625000120030526000510031730000210036850400310038965000420042065000280046270000310049095201240052195201300064595201250077595201250090099900170102500001164720260202091015.0820308s1982 ilu b 001 0 eng d a0256026203 aDO-SdBNPbspadBNPHU a658.3151bS365c, 19821 aSchoen, Sterling Harry,d1918-92758010aCases in collective bargaining and industrial relations :ba decisional approach /cSterling H. Schoen y Raymond L. Hilgert. a4a. ed. aHomewood, Illinois :bRichard D. Irwin,c1982. a152 p. ;c24 cm. aBibliografías: p. 31-33. 4aContratos colectivos de trabajo97241 0aRelaciones humanas96061 aHilgert, Raymond L.927581 001050718MOaGRbGRcHDd2009-10-22iLF1l0o658.3151 S365c, 1982p11647-10r2020-06-25w2020-06-25y1ZNo se presta 001050718MOaGRbGRcHDd2010-05-07iLF1l0o658.3151 S365c, 1982p11647-20r2020-06-25te. 2w2020-06-25y1ZNo se presta 0010507-18MOaGRbGRcOId2017-05-26iLF1l0o658.3151 S365c, 1982p11647-30r2020-06-25w2020-06-25y1ZNo se presta 0010507-18MOaGRbGRcOId2017-05-26iLF1l0o658.3151 S365c, 1982p11647-40r2020-06-25w2020-06-25y1ZNo se presta c11336d11336